00446nam a2200181Ia 4500001001000000003000500010008004100015010001100056040000900067082001300076100001500089245004400104260002600148300000800174500003900182650002400221650001900245Para_9560CHAP220125s2003 xx 000 0 und d a208234 cCHAP a806.3 B7 aBrown, Dan aEl código Da Vinci /c por Dan Brown aArgentina :b Umbriel a557 aTraducción de: The Da Vinci Code aLiteratura inglesa  aNovela inglesa